Морфогеодинамическая томография угольных и углеметановых месторождений Кузбасса; Гидрогеология, инженерная геология и гидрогеоэкология

Dades bibliogràfiques
Parent link:Гидрогеология, инженерная геология и гидрогеоэкология.— 2005.— С. 51-58
Autor principal: Грицюк Я. М.
Altres autors: Кочеткова В. М.
Idioma:rus
Publicat: 2005
Matèries:
Format: MixedMaterials Capítol de llibre
KOHA link:https://koha.lib.tpu.ru/cgi-bin/koha/opac-detail.pl?biblionumber=91727

MARC

LEADER 00000naa2a2200000 4500
001 91727
005 20231031104207.0
035 |a (RuTPU)RU\TPU\book\98317 
090 |a 91727 
100 |a 20060301d2005 k y0rusy50 ca 
101 0 |a rus 
102 |a RU 
200 1 |a Морфогеодинамическая томография угольных и углеметановых месторождений Кузбасса  |f Я. М. Грицюк, В. М. Кочеткова 
463 0 |0 (RuTPU)RU\TPU\book\95217  |y 5-89503-261-3  |t Гидрогеология, инженерная геология и гидрогеоэкология  |o материалы конференции, посвященной 75-летию кафедры ГИГЭ ТПУ, Томск, декабрь 2005 г.  |f Томский политехнический университет; под ред. С. Л. Шварцева  |v С. 51-58  |d 2005  |p 400 с. 
610 1 |a томография 
610 1 |a морфогеодинамика 
610 1 |a угольные месторождения 
610 1 |a угле-метановые месторождения 
610 1 |a программные средства 
610 1 |a методики 
610 1 |a историческая геодинамика 
610 1 |a труды учёных ТПУ 
700 1 |a Грицюк  |b Я. М. 
701 1 |a Кочеткова  |b В. М. 
801 1 |a RU  |b 63413507  |c 20060301  |g PSBO 
801 2 |a RU  |b 63413507  |c 20111106  |g PSBO 
942 |c BK